00615nmm a2200157Ia 4500008004100000041000800041100003000049245016000079264009100239300001800330490002000348650001400368856005100382942000700433999001700440251105s9999||||xx |||||||||||||||||und|| aspa aBlanco Pérez, Margarita 0aDificultades específicas del aprendizaje de las matemáticas en los primeros años de la escolaridad: detección precoz y características evolutivas a[Madrid, España] :bMinisterio de Educación, Cultura y Deporte de España, c2012 a576 páginas aInvestigación aEducation uhttps://public.digitaliapublishing.com/a/19305 cCF c99603d99603